000 00944cam a2200229 4500
008 000000n2001 000 0 eng u
020 _a1857839552
035 _a(Sirsi) u111935
041 _aeng
050 _a333.33025
110 _aRoyal Institution of Chartered Surveyors
_94900
245 _aList of members 2001.
260 _aLondon
_bWaterlow Specialist Information Publishing Ltd
_c2001
300 _a33,1117p. ; 25cm.
520 _aIntroduction includes; the structure of the RICS, what surveyors do, what the RICS Does, a list of the faculties, services to members, a list of associated organisations and services to members, RICS in England and Wales, International contacts and a list of International associations.
650 _aABOUT RICS-RICS MEMBERS
650 _aDIRECTORIES
650 _aRICS
650 _aMEMBERSHIP DIRECTORY
690 _aMANAGEMENT-BUSINESS MANAGEMENT-PROFESSIONAL PRACTICE
942 _n0
999 _c101314
_d101314